| 000 | 01003nam a2200205Ia 4500 | ||
|---|---|---|---|
| 999 |
_c40342 _d40342 |
||
| 001 | 6950 | ||
| 003 | GE_BSU | ||
| 005 | 20191115104457.0 | ||
| 008 | 181216s2012||||g |||||||||||||| ||g || | ||
| 040 | _cGE_BSU | ||
| 041 | _age | ||
| 080 | _a811.353.1+376.2 მ-44 | ||
| 100 |
_aმახარობლიძე, თამარ. _94999 |
||
| 245 |
_aქართული ჟესტური ენა : _bტრენინგის სახელმძღვ. ; მესამე საფეხური - რვეული ტრენინგის მონაწილეებისათვის / _cთამარ მახარობლიძე ; რედ. თამარ ხასია. |
||
| 264 |
_aთბილისი : _bპეტიტი, _c2012. |
||
| 300 |
_a224 გვ. : _bილ. ; _c30 სმ. |
||
| 653 | _aქართული ჟესტური ენა | ||
| 700 |
_aხასია, თამარ _eრედაქტორი _95019 |
||
| 942 |
_cBK _2udc |
||